000 00309nam a22001217a 4500
008 230626b xxu||||| |||| 00| 0 eng d
082 _a331.137
_bWAN
100 _cMaina Wanjigi
245 _aReport of the Presidential Committee on Unemployment 1982/83
260 _aKenya
300 _a261p
942 _2ddc
_cBK
999 _c2693
_d2693